| 000 | 00000nam 2200000zi 4500 |
| 001 | 9.953999 |
| 003 | CaOODSP |
| 005 | 20250822143516 |
| 006 | m o d f |
| 007 | cr cn |||||||| |
| 008 | 250812s2024 oncd obs f000 0 fre d |
| 040 | |aCaOODSP|bfre|erda|cCaOODSP |
| 041 | 0 |aeng|afre |
| 086 | 1 |aH82-56/2024-PDF |
| 100 | 1 |aGaudette, Étienne, |d1953- |eauteur. |
| 245 | 10|aCompetition in generic drug markets : |binternational progress and room for improvement, 2010-2021 / |cÉtienne Gaudette, Mina Tadrous, Shirin Rizzardo, and Kevin R. Pothier = La concurrence dans les marchés des médicaments génériques : progrès international et place à l'amélioration, 2010-2021 / Étienne Gaudette, Mina Tadrous, Shirin Rizzardo, et Kevin R. Pothier. |
| 246 | 11|aConcurrence dans les marchés des médicaments génériques : |bprogrès international et place à l'amélioration, 2010-2021 |
| 264 | 1|a[Ottawa] : |bPatented Medicine Prices Review Board = Conseil d'examen du prix des médicaments brevetés, |c[2024] |
| 300 | |a1 ressource en ligne (1 page non numérotée) : |bgraphiques |
| 336 | |atexte|btxt|2rdacontent/fre |
| 337 | |ainformatique|bc|2rdamedia/fre |
| 338 | |aressource en ligne|bcr|2rdacarrier/fre |
| 500 | |aTitre de départ. |
| 500 | |a« NPDUIS, National Prescription Drug Utilization Information System, "Supporting health care decision making in Canada" = SNIUMP, Le Système national d'information sur l'utilisation des médicaments prescrits, « Appuyer les décisions en matière des soins de santé au Canada. » » |
| 504 | |aComprend des références bibliographiques. |
| 520 | |a« Les médicaments génériques jouent un rôle central dans l'utilisation mondiale des médicaments et sont essentiels à la santé de la population. La présente recherche visait à comparer les marchés des médicaments génériques d'un groupe de pays industralisés dont l'environnement de la réglementation pharmaceutique est similaire et à étudier l'évolution de la concurrence au cours des dernières années » Objectif, page [1]. |
| 546 | |aTexte en anglais et en français. |
| 650 | 6|aMédicaments génériques|vStatistiques. |
| 650 | 6|aIndustrie pharmaceutique|vStatistiques. |
| 655 | 7|aStatistiques|2rvmgf |
| 710 | 1 |aCanada. |bConseil d'examen du prix des médicaments brevetés, |eorganisme de publication. |
| 788 | |tCompetition in generic drug markets : |eeng|w(CaOODSP)9.954000 |
| 856 | 40|qPDF|s453 Ko|uhttps://publications.gc.ca/collections/collection_2025/cepmb-pmprb/H82-56-2024.pdf |
| 856 | 4 |qHTML|sS.O.|uhttps://www.canada.ca/fr/examen-prix-medicaments-brevetes/services/sniump/etudes-analytiques/affiches/concurrence-generiques-international.html |